000 00355nam a2200145Ia 4500
008 191201s2008 xx 000 0 und d
082 _a658.4012
_bBAG
100 _aBAPORIKAR, Neeta
245 0 _aGlobal Strategic Management
250 _a1st
260 _aN.Delhi
_bHimalaya Publication House
_c2008
300 _a438
650 _aMBA
942 _2ddc
_cBK
999 _c4303
_d4303